000 00280nam a22001337a 4500
008 230831b ||||| |||| 00| 0 eng d
041 _aeng
080 _a621
082 _a621MAC
100 _a20
101 _aIE
245 _aCONSERVATION OF ENERGY
_cMACH.E
942 _2udc
_cBK
999 _c60210
_d60210